| 000 | 01861cam a22004934i 4500 | ||
|---|---|---|---|
| 003 | PE-LiUPU | ||
| 005 | 20250731165455.0 | ||
| 008 | 150623s1997 miu r 000 0 eng d | ||
| 020 | _a0801020514 | ||
| 035 | _a(Sirsi) i9780801020513 | ||
| 040 |
_aPE-LiUPU _bspa _cPE-LiUPU _erda |
||
| 049 | _aPRUA | ||
| 082 | 0 | 4 |
_a220.91t _bA11 _221 |
| 245 | 0 | 0 |
_aAtlas of the Bible and Christianity / _ceditor, Tim Dowley; consulants editorial, Alan Millard, David Wright, Brian Stanley, la investigación, el día de Malcolm. |
| 264 | 1 |
_aMichigan : _bBaker Books, _c1997. |
|
| 300 |
_a160 páginas : _bilustraciones ; _c31 centímetros |
||
| 336 |
_atext _2rdacontent |
||
| 337 |
_aunmediated _2rdamedia |
||
| 338 |
_avolume _2rdacarrier |
||
| 505 | 0 | _aOld Testament. -New Testament period. -The early church. -The modern church. | |
| 526 | _aSEG44 | ||
| 526 | _aSEG26 | ||
| 526 | _aP151 | ||
| 526 | _aP150 | ||
| 526 | _aP149 | ||
| 526 | _aP146 | ||
| 526 | _aP145 | ||
| 526 | _aP126 | ||
| 526 | _aP125 | ||
| 526 | _aP92 | ||
| 526 | _aP75 | ||
| 526 | _aP74 | ||
| 526 | _aP27 | ||
| 526 | _aP15 | ||
| 630 | 0 | 4 |
_aBiblia _xGeografía _vMapas. |
| 630 | 0 | 4 |
_aBiblia _xHistoria de los acontecimientos bíblicos _vMapas. |
| 700 | 1 |
_aDowley, Tim, _eed. |
|
| 942 |
_2ddc _cBOOK |
||
| 949 |
_aRC 220.91T A11 _wDEWEY _c1 _i45031 _d2016-9-28 _e2016-9-28 _lCCODEBUL1 _mBUL _n1 _r0 _sY _tBOOK _u2015-6-24 _xTEOLOGIA _PP35 _0COMPRA _o.CIRCNOTE. No olvidar cambiar la fecha de devolución!!!!!!! _o.STAFF. Colección General |
||
| 994 |
_aC0 _bPEPRU |
||
| 596 | _a1 | ||
| 999 |
_aRC 220.91T A11 _wDEWEY _c21911 _i45031 _d21911 _e2016-9-28 _f2021-11-8 _g6 _lCCODEBUL1 _mBUL _n1 _p10.00 _q1 _r1 _sY _tBOOK _u2015-6-24 _xTEOLOGIA _PP35 _0COMPRA _o.CIRCNOTE. No olvidar cambiar la fecha de devolución!!!!!!! _o.STAFF. Colección Teología |
||
| 980 |
_81 _gALBERTO SANCHEZ Responsable de Automatización |
||